Cueva de Ardales (Record no. 14450)

MARC details
000 -LEADER
campo de control de longitud fija 00813nam a2200205 i 4500
001 - NÚMERO DE CONTROL
campo de control 14450
003 - IDENTIFICADOR DE NÚMERO DE CONTROL
campo de control ES-MaACL
005 - FECHA Y HORA DE LA ÚLTIMA TRANSACCIÓN
campo de control 20230906150821.0
007 - CAMPO FIJO DE DESCRIPCIÓN FÍSICA--INFORMACIÓN GENERAL
campo de control de longitud fija t|
008 - DATOS DE LONGITUD FIJA--INFORMACIÓN GENERAL
campo de control de longitud fija 990315s1997 sp ||||1| spa d
080 ## - NÚMERO DE LA CLASIFICACIÓN DECIMAL UNIVERSAL
Número de la Clasificación Decimal Universal 903(468.17 Ardales)
100 1# - ENTRADA PRINCIPAL--NOMBRE DE PERSONA
Nombre de persona Cantalejo Duarte, Pedro.
9 (RLIN) 34621
245 10 - MENCIÓN DEL TÍTULO
Título Cueva de Ardales
Resto del título : guía del legado histórico y social : 175º Aniversario del descubrimiento (1821-1996) /
Mención de responsabilidad, etc. Pedro Cantalejo Duarte, María del Mar Espejo Herrerías, José Ramos Muñoz.
260 ## - PUBLICACIÓN, DISTRIBUCIÓN, ETC.
Lugar de publicación, distribución, etc. Ardales :
Nombre del editor, distribuidor, etc. Museo Municipal,
Fecha de publicación, distribución, etc. 1997.
300 ## - DESCRIPCIÓN FÍSICA
Extensión 108 p. :
Otras características físicas il. ;
Dimensiones 24 cm.
651 #4 - PUNTO DE ACCESO ADICIONAL DE MATERIA--NOMBRE GEOGRÁFICO
Nombre geográfico Cueva de Ardales (Málaga)-
Subdivisión general Restos arqueológicos prehistóricos.
9 (RLIN) 8124
700 1# - ENTRADA AGREGADA--NOMBRE PERSONAL
Nombre de persona Espejo Herrerías, María del Mar.
9 (RLIN) 47801
700 1# - ENTRADA AGREGADA--NOMBRE PERSONAL
Nombre de persona Ramos Muñoz, José.
9 (RLIN) 95341
852 ## - LOCALIZACIÓN
Ubicación ES-MaACL
Número de control de estantería L-21662
Sublocalización o colección R.126970
Holdings
Estatus retirado Estado de pérdida Estado de daño No para préstamo Biblioteca de origen Biblioteca actual Ubicación en estantería Fecha de adquisición Fuente de adquisición Total de préstamos Signatura topográfica completa Código de barras Visto por última vez Precio de reemplazo Tipo de ítem Koha
        Biblioteca del Ateneo de Madrid Biblioteca del Ateneo de Madrid Depósito 2 17/01/2008     L-21662 1014698 23/02/2023 23/02/2023 Libro impreso